| 000 | 00512nam a2200205Ia 4500 | ||
|---|---|---|---|
| 003 | GCL | ||
| 008 | 140319s9999 xx 000 0 eng d | ||
| 040 |
_aGCL / _cGCL |
||
| 082 | 0 | 4 |
_a746.95 _bG C |
| 100 | 1 | _aGATES, DOROTHY | |
| 245 | 1 | 0 |
_aTHE complete book of soft furnishings / _cGATES, DOROTHY |
| 700 | 1 | _aKITTIER, EILEEN | |
| 260 |
_a[S.N] : _bWARD LOCK ، _c1994 |
||
| 300 | _a240 p | ||
| 650 | 0 | 4 | _aFURNISHING |
| 650 | 0 | 4 | _aCURTAINS |
| 650 | 0 | 4 | _aUPHOLSTERY |
| 650 | 0 | 4 | _aCUSHIONS |
| 942 |
_2ddc _cBK |
||
| 999 |
_c21116 _d21116 |
||